| 000 | 00466nam a2200181Ia 4500 | ||
|---|---|---|---|
| 008 | 230718s9999 xx 000 0 und d | ||
| 020 | _a9789812406255 | ||
| 041 | _aeng | ||
| 082 |
_a629.89 _bDUN |
||
| 100 | _aDunning G. | ||
| 245 | _aIntroduction to Programmable Logic Controllers | ||
| 250 | _a2nd | ||
| 260 |
_c2002 _bThomson Publication |
||
| 300 | _a516 | ||
| 365 |
_cRs. _b334.00 |
||
| 700 | _aDunning G. | ||
| 906 |
_dB:1465/25.03.200419-Aug-2005 _cINST |
||
| 999 |
_c307576 _d307576 |
||